Pentateuco
שמור ב:
| פורמט: | ספר |
|---|---|
| שפה: | ספרדית |
| יצא לאור: |
Madrid
Cristiandad
1970
|
| סדרה: | Los Libros Sagrados
|
| נושאים: | |
| תגים: |
הוספת תג
אין תגיות, היה/י הראשונ/ה לתייג את הרשומה!
|
MARC
| LEADER | 00000nam a2200000 a 4500 | ||
|---|---|---|---|
| 001 | UCL2145 | ||
| 003 | CL-VaPUC | ||
| 008 | 031010e19700000SP |||||||||||||||||spa|d | ||
| 082 | 0 | 4 | |a 222.1 |b PEN |2 21 |
| 245 | 1 | 0 | |a Pentateuco |
| 300 | |a v | ||
| 942 | |c BK | ||
| 945 | |d 20031010 00:00:00 |a vberengu | ||
| 260 | |a Madrid |b Cristiandad |c 1970 | ||
| 500 | |a v.1: Génesis, Exodo | ||
| 500 | |a v.2: Levítico, Números, Deuteronomio | ||
| 650 | 0 | |a Biblia |9 257603 | |
| 650 | 0 | |a Antiguo testamento |9 313678 | |
| 650 | 0 | |a Pentateuco |9 314343 | |
| 650 | 7 | |a TEXTO, INTRODUCCION Y NOTAS |2 CL-VaPUC |9 479156 | |
| 583 | |a last modification |c 20031010 00:00:00 |k Rodrigo Vera | ||
| 490 | 0 | |a Los Libros Sagrados | |
| 999 | |c 305504 |d 305502 | ||
| 952 | |0 0 |1 0 |4 0 |6 222_100000000000000_PEN_1970 |7 0 |8 A |9 369447 |a BIBTEO |b BIBTEO |d 2019-11-21 |h v.1 |i 208063K |o 222.1 PEN 1970 |p 208063K |r 2025-01-17 |w 2019-11-21 |y BK |k ICR | ||
| 952 | |0 0 |1 0 |4 0 |6 222_100000000000000_PEN_1970 |7 0 |8 A |9 369448 |a BIBTEO |b BIBTEO |d 2019-11-21 |h v.2 |i 2080907 |o 222.1 PEN 1970 |p 2080907 |r 2025-01-17 |w 2019-11-21 |y BK |k ICR | ||